00456nam a2200169Ia 4500003000400000008004100004040000800045100003500053245001700088260001300105260001900118260000900137300001000146942000700156952010600163999001700269RNL090707b ii f a fnsan d aRCL aPadam, Piara Singh, ed.926128 aShabadanjali aAmritsar bSingh Brothers c2009 a200p. cBK 00102ddc40708PunaRNLbRNLcGENd2018-10-02g100.00l0p48518r2018-10-02v100.00w2018-10-02yBK c22726d22726